000 00447nam a2200169Ia 4500
003 GCL
008 140319s9999 xx 000 0 eng d
040 _aGCL /
_cGCL
082 0 4 _a004.75
_bF I
100 1 _aFELICI, JIM
245 1 0 _aI HATE BUYING A COMPUTER /
_cFELICI, JIM
260 _a[S.N] :
_bQUE CORPORATION ،
_c1993
300 _a292 P
650 0 4 _aCOMPUTER SOFTWARE
650 0 4 _aCOMPUTER INPUT - OUTPUT EQUIPMENT
942 _2ddc
_cBK
999 _c10699
_d10699